00793nam a2200229Ia 4500003000900000008004100009020001800050040001600068080001300084245015500097260003200252300001000284650001800294650004100312650001800353650001700371700003200388700003200420942000700452999001500459952008900474IN-BaIIA211028s9999 xx 000 0 eng d a0-393-06402-6 cIIA Library a523bMAN 0aMan and cosmosbnine Guggenheim lectures on the solar systemcedited by James Cornell and E Nelson Hayes  aNew YorkbW. W Nortonc1975 a191p. aAstronomy980 aAstronomy and astrophysics thesaurus aCosmos910012 aSolar system aCornell, James., ed.910013 aHayes, E Nelson., ed.95838 cBK c5781d5781 00104070aBANbBANcGENd1978-04-13l0o523/ MANp6464r2021-11-05w1978-04-13yBK